Sports Quiz

Random Sports or NFL Quiz

NFL's Top 50 Kickers of All Time Quiz Stats

Quiz not verified by Sporcle

Challenge
Share
Tweet
#totals accurate as of 1/1/2018----- *indicates players who are still active----- Primary team listed is the team the player kicked the most field goals playing for.
Score 0/50 Timer 10:00
0 Plays Today
Primary Team Player % Correct
Pittsburgh Steelers3. Gary Anderson
88.5%
New England Patriots2. Adam Vinatieri
85.4%
Oakland Raiders10. Sebastian Janikowski
85.4%
New Orleans Saints1. Morten Andersen
84.5%
Detroit Lions4. Jason Hanson
74.4%
Philadelphia Eagles11. David Akers
72.7%
Denver Broncos8. Jason Elam
68.7%
Chicago Bears24. Robbie Gould
67.3%
Cleveland Browns8. Phil Dawson
60%
Baltimore Ravens6. Matt Stover
58%
Carolina Panthers7. John Kasay
55.8%
Denver Broncos43. Matt Prater
55.2%
Houston Texans40. Kris Brown
54.9%
Seattle Seahawks25. Josh Brown
54.9%
Atlanta Falcons14. Matt Bryant
53%
Kansas City Chiefs13. Jan Stenerud
52.4%
Seattle Seahawks15. Norm Johnson
51.5%
New England Patriots20. Stephen Gostkowski
49.9%
Green Bay Packers16. Ryan Longwell
49.3%
Miami Dolphins17. Olindo Mare
49%
San Diego Chargers5. John Carney
48.5%
Oakland Raiders22. George Blanda
46.8%
Tennessee Titans48. Rob Bironas
43.4%
Washington Redskins30. Mark Moseley
40%
Kansas City Chiefs12. Nick Lowery
38.9%
Primary Team Player % Correct
Jacksonville Jaguars46. Josh Scobee
38.6%
Buffalo Bills21. Steve Christie
37.7%
Arizona Cardinals38. Neil Rackers
37.7%
Cincinnati Bengals34. Shayne Graham
37.5%
Houston Oilers19. Al Del Greco
37.2%
Detroit Lions18. Eddie Murray
36.9%
St. Louis Rams26. Jeff Wilkins
36.3%
Arizona Cardinals23. Jay Feely
35.8%
Cleveland Browns38. Lou Groza
35.8%
Chicago Bears37. Kevin Butler
34.1%
Cleveland Browns30. Matt Bahr
32.4%
Los Angeles Raiders46. Chris Bahr
32.4%
Green Bay Packers34. Mason Crosby
31%
Buffalo Bills27. Rian Lindell
29.3%
Cincinnati Bengals42. Mike Nugent
27%
Cincinnati Bengals45. Jim Breech
24.5%
New York Jets44. Nick Folk
24.5%
Minnesota Vikings32. Fred Cox
24.2%
New York Jets28. Pat Leahy
21.4%
Miami Dolphins36. Pete Stoyanovich
21.4%
Miami Dolphins49. Dan Carpenter
20.8%
St. Louis Cardinals32. Jim Bakken
16.6%
San Francisco 49ers40. Joe Nedney
16.6%
New York Jets28. Jim Turner
15.8%
Seattle Seahawks50. Todd Peterson
8.2%

You're not logged in!

Compare scores with friends on all Sporcle quizzes.
Join for Free
OR
Log In

You Might Also Like...

Show Comments

Extras

Top Quizzes Today


Score Distribution

Your Account Isn't Verified!

In order to create a playlist on Sporcle, you need to verify the email address you used during registration. Go to your Sporcle Settings to finish the process.

Report this User

Report this user for behavior that violates our Community Guidelines.

Details: